000 00342nam a2200133Ia 4500
008 240624s9999 xx 000 0 und d
041 _aeng
082 _a338 FIN
100 _aFINGER MATTHIAS
245 _aROUTLEDGE COMPANION TO NETWORK INDUSTRIE
260 _c2016
_aLondon
_bRoutledge
300 _axix, 423 p.; 23 cm.
365 _cBPS
_b38
999 _c31240
_d31240